00337nam a2200085Ia 4500008004100000041000800041100001900049245013200068260005100200241105s9999 xx 000 0 und d aeng aSawant Pranita aAn Integrated Landscape Approach Tostrengthen Livelihoods For Rural Agrarian Communities Arou nd MksssSite In Dhagewadi, Satara bBNCA M Arch Landscape ArchitectureaPunec2023